Normal view
MARC view
- Sponsoring DS: Dr. Mohsin Tiwana Dr. Waqar Shahid Sir. Umar Masood
Entry Corporate Name
001 - CONTROL NUMBER
- control field: 85550
003 - CONTROL NUMBER IDENTIFIER
- control field: NUST
005 - DATE AND TIME OF LATEST TRANSACTION
- control field: 20211203112935.0
008 - FIXED-LENGTH DATA ELEMENTS
- fixed length control field: 211203|| aca||aabn | a|a d
040 ## - CATALOGING SOURCE
- Original cataloging agency: NUST
- Transcribing agency: NUST
110 ## - HEADING--CORPORATE NAME
- Corporate name or jurisdiction name as entry element: Sponsoring DS: Dr. Mohsin Tiwana Dr. Waqar Shahid Sir. Umar Masood
670 ## - SOURCE DATA FOUND
- Source citation: Work cat.: (NUST): Usman Amjad Asharib Jamshid M. Osama Amjad Munib Ahmed 85549, PR-SOF-2031-Human Interactive Robot with Medical Instrumentation, 2021.
